Statistics for Cities With the Most Amount of Commercial Airport

Click here to take the quiz!

General Stats

  • This quiz has been taken 19 times
  • The average score is 8 of 11

Answer Stats

#Number of AirportsContinentsAnswer% Correct
26EuropeLondon
100%
35North AmericaLos Angeles
100%
17North AmericaNew York
100%
=44EuropeParis
100%
=44EuropeMoscow
95%
=44AisaTokyo
95%
=44OceaniaMelbourne
79%
=44North AmericaSan Francisco
58%
=44North AmericaBoston
37%
=44EuropeStockholm
26%
=44AsiaManila
11%

Score Distribution

Percentile by Number Answered

Percent of People with Each Score

Your Score History

You have not taken this quiz